[Event "GER-ch"]
[Site "Bremen"]
[Date "1998.11.06"]
[Round "1"]
[White "Kachiani Gersinska, Ketino"]
[Black "Huebner, Robert"]
[Result "1/2-1/2"]
[WhiteElo "2420"]
[BlackElo "2575"]

1.d4 d5 2.c4 c6 3.Nf3 Nf6 4.Nc3 dxc4 5.a4 Bf5 6.e3 e6 7.Bxc4 Bb4 8.O-O Nbd7
9.Nh4 Bg6 10.Nxg6 hxg6 11.h3 O-O 12.Qc2 Qe7 13.Rd1 Rad8 14.a5 c5 15.a6 Nb6
16.Be2 cxd4 17.exd4 Nfd5 18.Ne4 bxa6 19.Bxa6 Qc7 20.Qe2 Nd7 21.Bg5 Rb8 22.Bh4 Qb6
23.Bg3 Rbd8 24.Bc4 a5 25.Qf3 N7f6 26.Nxf6+ Nxf6 27.d5 Qc5 28.Rac1 exd5 29.Bxd5 Qe7
30.Bc4 Rxd1+ 31.Rxd1 Ne4 32.Bd5 Nxg3 33.fxg3 g5 34.b3 g6 35.Rf1 Kg7 36.Kh1 f5
37.Qd3 Qe5 38.Bc4 Bd6 39.Rd1 Rf6 40.Kg1 Qxg3 41.Qxg3 Bxg3 42.Rd5 Be1 43.Kf1 Bb4
44.Rd7+ Kf8 45.Ke2 Ke8 46.Bb5 Re6+ 47.Kd3 Kf8 48.Bc4 Re1 49.Bd5 Rd1+ 50.Kc4 Rc1+
51.Kd3 Rd1+ 52.Kc4 Rf1 53.Rf7+ Ke8 54.Rg7 g4 55.Rxg6 gxh3 56.gxh3 Rf4+ 57.Kd3 Bc5
58.Ke2 Rd4 59.Bc6+ Ke7 60.Rg3 Kf6 61.Rd3 Rh4 62.Bg2 Bd4 63.Rd1 Ke5 64.Kd3 Bb6
65.Ke2 Rb4 66.Bd5 Bd4 67.Bc4 f4 68.Kd3 Bb6 69.Re1+ Kf5 70.Re8 a4 71.bxa4 Rxa4
72.Rf8+ Ke5 73.Re8+ Kf5 74.Rf8+ Ke5 75.Re8+ Kf5  1/2-1/2

[Event "SLO-chT"]
[Site "Bled"]
[Date "1998.11.07"]
[Round "1"]
[White "Soln, Primoz"]
[Black "Crepan, Marjan"]
[Result "1-0"]
[WhiteElo "2470"]
[BlackElo "2295"]

1.d4 d5 2.c4 c6 3.Nc3 Nf6 4.Nf3 dxc4 5.a4 Bf5 6.Nh4 Bc8 7.e3 Bg4 8.f3 g5
9.fxg4 gxh4 10.g5 Nd5 11.Bxc4 e6 12.Qh5 Rg8 13.Ne4 Bb4+ 14.Bd2 Bxd2+ 15.Kxd2 Qa5+
16.b4 Qxb4+ 17.Kd3 Nd7 18.Rhb1 Qe7 19.Rxb7 O-O-O 20.Rab1 Nc7 21.Ke2 Rg6 22.Qf3 e5
23.Qxf7 Qa3 24.R7b3 Qxa4  1-0

[Event "SWE-chT 9899"]
[Site "Sweden"]
[Date "1998.11.07"]
[Round "4"]
[White "Sandstrom, Ludvig"]
[Black "Astrom, Robert"]
[Result "1-0"]
[WhiteElo "2305"]
[BlackElo "2460"]

1.d4 d5 2.c4 c6 3.Nf3 Nf6 4.Nc3 dxc4 5.a4 Bf5 6.e3 e6 7.Bxc4 Bb4 8.O-O Nbd7
9.Nh4 O-O 10.Nxf5 exf5 11.Qd3 g6 12.f3 Qe7 13.e4 fxe4 14.fxe4 Bxc3 15.bxc3 Qxe4
16.Qh3 Nb6 17.Bb3 Nbd5 18.Bg5 Rae8 19.Bxf6 Nxf6 20.Rxf6 Re7 21.Raf1 Kg7 22.Qf3 Qh4
23.Rf4 Qg5 24.Rg4 Qe3+ 25.Qxe3 Rxe3 26.Rg3 Re2 27.Bc4 Rb2 28.Re3 b5 29.axb5 cxb5
30.Bd5 a5 31.Re7 Kh6 32.Bxf7 Rc8 33.Re3 a4 34.Be6 Rd8 35.Rh3+ Kg5 36.Rxh7 a3
37.h4+  1-0

[Event "Chigorin mem"]
[Site "St. Petersburg"]
[Date "1998.11.08"]
[Round "8"]
[White "Kostin, Sergei"]
[Black "Shurygin, Sergey"]
[Result "0-1"]
[WhiteElo "2230"]
[BlackElo "2305"]

1.d4 d5 2.c4 c6 3.Nf3 Nf6 4.Nc3 dxc4 5.a4 Bf5 6.e3 e6 7.Bxc4 Bb4 8.O-O Nbd7
9.Qe2 Bg6 10.Ne1 O-O 11.Nd3 Ba5 12.Bd2 Re8 13.f4 Rc8 14.Ne5 c5 15.Rad1 cxd4
16.exd4 Nxe5 17.fxe5 Qxd4+ 18.Be3 Qxe5 19.Bxa7 Qc7 20.Bb5 Bh5 21.Qe3 Bxd1
22.Bxe8 Rxe8 23.Rxd1 Ng4 24.Qe4 f5 25.Qd3 Qxh2+ 26.Kf1 Qh1+ 27.Bg1 Bb6 28.Ne2 Ne3+  0-1

[Event "Chigorin mem"]
[Site "St. Petersburg"]
[Date "1998.11.09"]
[Round "9"]
[White "Ivanov, Sergey"]
[Black "Skatchkov, Pavel"]
[Result "0-1"]
[WhiteElo "2550"]
[BlackElo "2420"]

1.d4 d5 2.c4 c6 3.Nf3 Nf6 4.Nc3 dxc4 5.a4 Bf5 6.Ne5 Nbd7 7.Nxc4 Qc7 8.g3 e5
9.dxe5 Nxe5 10.Bf4 Nfd7 11.Nxe5 Nxe5 12.Bg2 a5 13.O-O Bb4 14.e4 Bg6 15.Rc1 Rd8
16.Nd5 Qb8 17.Bxe5 Qxe5 18.f4 Qb8 19.Qe2 f6 20.Nxb4 axb4 21.e5 Bd3 22.Qh5+ g6
23.Qh6 Bxf1 24.Qg7 Rf8 25.Rxc6 Bc4 26.Rxc4 Qa7+ 27.Kf1 Qe3 28.Be4 Rd1+ 29.Kg2 Qe2+
30.Kh3 Qh5+  0-1

[Event "BL9899 (Women)"]
[Site "Germany"]
[Date "1998.11.14"]
[Round "3.1"]
[White "Peng, Zhaoqin"]
[Black "Olbrich, Marina"]
[Result "1-0"]
[WhiteElo "2420"]
[BlackElo "2330"]

1.d4 d5 2.Nf3 Nf6 3.c4 c6 4.Nc3 dxc4 5.a4 Bf5 6.Nh4 e6 7.Nxf5 exf5 8.e3 Bd6
9.Bxc4 O-O 10.Qf3 g6 11.h3 h5 12.O-O Nbd7 13.a5 Qe7 14.Bd3 Rae8 15.a6 Ne4
16.axb7 Bb8 17.Bxe4 fxe4 18.Qd1 Nf6 19.f4 Qxb7 20.Qa4 Rc8 21.Qa6 Qc7 22.b3 Rfe8
23.Ba3 Nd5 24.Nxd5 cxd5 25.Bc5 Re6 26.Qe2 Qb7 27.b4 Rc7 28.g4 hxg4 29.hxg4 g5
30.fxg5 Rcc6 31.Rf5 Ra6 32.Raf1 Qc7 33.Qf2 Qg3+ 34.Qxg3 Bxg3 35.Rxf7 Ra2
36.Rd7  1-0

[Event "SVK-chT2A 9899"]
[Site "SVK"]
[Date "1998.11.14"]
[Round "3"]
[White "Lauf, Pavol"]
[Black "Markos, Jan"]
[Result "1-0"]
[WhiteElo "2151"]
[BlackElo "2185"]

1.d4 d5 2.c4 c6 3.Nc3 Nf6 4.Nf3 dxc4 5.a4 Bf5 6.e3 e6 7.Bxc4 Bb4 8.O-O Nbd7
9.h3 O-O 10.Bd3 Bg6 11.Qe2 Nd5 12.Bd2 Bd6 13.Bxg6 hxg6 14.e4 Nf4 15.Qe3 Nb6
16.b3 f5 17.e5 Nbd5 18.Nxd5 Nxd5 19.Qg5 Bb4 20.Bxb4 Nxb4 21.Qxg6 Qe8 22.Qg5 Rd8
23.Rad1 Rd7 24.Rd2 Qe7 25.Qh5 Qf7 26.Qh4 Qg6 27.Ng5 Rfd8 28.Rfd1 Nd5 29.Rd3 Re8
30.Rg3 f4 31.Rf3 Rf8 32.Qg4 Rf5 33.h4 Rd8 34.Rh3 Rdf8 35.Qf3 Rd8 36.Ne4 Qh5
37.Nd6 Qxf3 38.Rxf3 Rh5 39.Nxb7 Rb8 40.Nc5 Kf7 41.g3 Ke7 42.Ne4 Rb4 43.Kg2 Rf5
44.Rfd3 Rf8 45.Rc1 fxg3 46.fxg3 Rf4 47.Re1 c5 48.Kh2 Rg4 49.Nxc5 Rgxd4 50.Rf3 Rd2+
51.Kh3 Rc2 52.Ne4 Rb2 53.Nd6 R2xb3 54.Rf7+ Kd8 55.Ref1 Rxa4 56.Rf8+ Kd7 57.R1f7+ Ne7
58.Re8  1-0

[Event "Tanta op"]
[Site "Tanta"]
[Date "1998.11.19"]
[Round "4"]
[White "Ahmed, Esam Aly"]
[Black "Frhat, Ali"]
[Result "1/2-1/2"]
[WhiteElo "2335"]
[BlackElo "2255"]

1.d4 d5 2.c4 c6 3.Nc3 Nf6 4.Nf3 dxc4 5.a4 Bf5 6.e3 e6 7.Bxc4 Bb4 8.O-O O-O
9.Qe2 Nbd7 10.Nh4 Bg6 11.Nxg6 hxg6 12.Na2 Be7 13.b4 a5 14.b5 c5 15.Bb2 cxd4
16.Bxd4 Bc5 17.Bb2 Qe7 18.Qf3 Nb6 19.Bb3 Rfd8 20.Rad1 Bd6 21.Nc1 e5 22.Qg3 Rac8
23.Nd3 Nc4 24.Bxc4 Rxc4 25.Bxe5 Rxa4 26.Bxd6 Rxd6 27.Nb2 Ne4 28.Qh3 Rb4 29.Qc8+ Kh7
30.Qh3+ Kg8 31.Qc8+  1/2-1/2

[Event "Tanta op"]
[Site "Tanta"]
[Date "1998.11.21"]
[Round "5"]
[White "Dambrauskas, Virginijus"]
[Black "Frhat, Ali"]
[Result "1-0"]
[WhiteElo "2335"]
[BlackElo "2255"]

1.d4 d5 2.c4 c6 3.Nc3 Nf6 4.Nf3 dxc4 5.a4 Bf5 6.e3 e6 7.Bxc4 Bb4 8.O-O O-O
9.Nh4 Bg6 10.Nxg6 hxg6 11.Qb3 Qe7 12.Na2 Bd6 13.Be2 c5 14.Bf3 Nc6 15.dxc5 Bxc5
16.Bxc6 bxc6 17.Qc4 Rab8 18.b3 Bd6 19.Bb2 Qb7 20.Rad1 Rfd8 21.Bxf6 gxf6 22.Rd3 Qc7
23.g3 Be7 24.Rfd1 Rxd3 25.Rxd3 Rd8 26.Nc3 Rxd3 27.Qxd3 f5 28.Qd4 Qb6 29.Qxb6 axb6
30.Kf1 Kf8 31.Ke2 Bf6 32.Kd3 Ke7 33.Ne2 Kd6 34.Kc4 g5 35.h3 Ke5 36.Nd4 Ke4
37.Nxc6 Kf3 38.b4 Kxf2 39.a5 bxa5 40.b5 Bg7 41.b6 Bf8 42.b7 Bd6 43.h4 f4
44.exf4 Kxg3 45.h5 gxf4 46.Nd4 e5  1-0

[Event "BL2-N9899"]
[Site "Germany"]
[Date "1998.11.22"]
[Round "2.2"]
[White "Lipinsky, Fabian"]
[Black "Hector, Jonny"]
[Result "0-1"]
[WhiteElo "2390"]
[BlackElo "2510"]

1.d4 d5 2.c4 c6 3.Nf3 Nf6 4.Nc3 dxc4 5.a4 Bf5 6.e3 e6 7.Bxc4 Bb4 8.O-O Nbd7
9.Qe2 Bg4 10.h3 Bxf3 11.Qxf3 O-O 12.Rd1 Rc8 13.e4 e5 14.Bg5 exd4 15.Rxd4 Ne5
16.Qd1 Qe7 17.Qb3 Bc5 18.Rd2 h6 19.Bh4 Ng6 20.Bg3 Nh5 21.Ne2 Qxe4 22.Rd7 Qf5
23.Rxb7 Nxg3 24.Qxg3 Rcd8 25.Rc1 Rd2 26.b4 Bd6 27.Qe3 Rb2 28.Qc3 Be5 29.Qf3 Qxf3
30.gxf3 Bd6 31.b5 Ne5 32.Kf1 Re8 33.Ng3 Nxc4 34.Rxc4 Bxg3 35.fxg3 cxb5 36.Rxb5 Ra2
37.Re4 Rxe4 38.fxe4 Rxa4 39.Kf2 Ra3 40.Rb7 h5 41.Kg2 g6 42.e5 Kf8 43.Rc7 a5
44.Ra7 a4 45.Kf2 Ke8 46.h4 Ra1 47.Kf3 a3 48.Kf4 a2 49.Kg5 Rg1 50.Rxa2 Rxg3+
51.Kh6 Rg4 52.Ra7 Kf8 53.e6 fxe6 54.Rg7 Rxh4 55.Rxg6 Kf7 56.Rg1 Kf6 57.Rf1+ Ke5
58.Kg5 Rh3 59.Re1+ Kd5 60.Rd1+ Ke4 61.Re1+ Re3 62.Ra1 e5 63.Kxh5 Kf4 64.Kh4 e4
65.Ra8 Rf3 66.Ra4 Rf1 67.Kh3 Kf3 68.Kh2 e3 69.Ra8 e2  0-1

[Event "National Congress 29th"]
[Site "Philadelphia"]
[Date "1998.11.28"]
[Round "3"]
[White "Fedorowicz, John P"]
[Black "Kaufman, Larry C"]
[Result "1-0"]
[WhiteElo "2540"]
[BlackElo "2400"]

1.d4 d5 2.c4 c6 3.Nf3 Nf6 4.Nc3 dxc4 5.a4 Bf5 6.e3 e6 7.Bxc4 Bb4 8.O-O Nbd7
9.Nh4 Bg6 10.Re1 Bh5 11.Qb3 a5 12.Bf1 O-O 13.h3 Re8 14.g4 Ne4 15.Nxe4 Qxh4
16.Bd2 Bg6 17.Bxb4 Bxe4 18.Bd6 e5 19.dxe5 Nxe5 20.Bxe5 Rxe5 21.Qxb7 Rae8
22.Bg2 h5 23.f3 hxg4 24.hxg4 Bd5 25.e4 f5 26.gxf5 Rxf5 27.Qd7 Rfe5 28.Rf1 Bc4
29.Rf2 Bf7 30.Rd1 Rh5 31.Qc7 Bb3 32.Rd7 Bxa4 33.Rxg7+ Kh8 34.Rg6 Rh7 35.Qg3 Qd8
36.f4 Qd4 37.e5 Bb5 38.Qg5 Rf8 39.Rh6 Qd1+ 40.Kh2 Rf7 41.Be4  1-0

[Event "National Congress 29th"]
[Site "Philadelphia"]
[Date "1998.11.29"]
[Round "6"]
[White "Bonin, Jay R"]
[Black "Zaremba, Andre"]
[Result "1/2-1/2"]
[WhiteElo "2405"]
[BlackElo "2245"]

1.d4 d5 2.c4 c6 3.Nf3 Nf6 4.Nc3 dxc4 5.a4 Bf5 6.e3 e6 7.Bxc4 Bb4 8.O-O O-O
9.Qe2 Bg6 10.Ne5 Nbd7 11.Nxg6 hxg6 12.Re1 Qe7 13.e4 e5 14.d5 Rac8 15.Bg5 Nb6
16.Bb3 cxd5 17.a5 d4 18.axb6 dxc3 19.Rxa7 Bc5 20.Bd5 c2 21.Rc1 Rb8 22.Qxc2 Bxb6
23.Ra3 Qd6 24.Bxf6 gxf6 25.Rg3 Kg7 26.Qb3 Bd4 27.h4 Qb6 28.Qxb6 Bxb6 29.Rb3 Ba5
30.Rb5 Bd8 31.g3 b6 32.Ra1 Re8 33.Kg2 Re7 34.Rb3 Bc7 35.g4 Bd6 36.Rh1 Bc5
37.Rf3 Rh8 38.g5 fxg5 39.hxg5 Rxh1 40.Kxh1 Bd4 41.b3 Bb2 42.Rf6 b5 43.Kg2 b4
44.Kg3 Bd4 45.Kg4 Rc7 46.f3 Ra7 47.Rc6 Ra1 48.Rc7 Rg1+ 49.Kh3 Rh1+ 50.Kg2 Rg1+
51.Kh2  1/2-1/2

[Event "Max Wilkerson"]
[Site "San Francisco"]
[Date "1998.11.29"]
[Round "10"]
[White "Vucic, Mladen"]
[Black "Blohm, David"]
[Result "1/2-1/2"]
[WhiteElo "2385"]
[BlackElo "2205"]

1.d4 d5 2.c4 c6 3.Nf3 Nf6 4.Nc3 dxc4 5.a4 Bf5 6.Ne5 e6 7.Nxc4 Bb4 8.e3 O-O
9.Be2 c5 10.Qb3 Qe7 11.dxc5 Bxc5 12.O-O Nc6 13.a5 Rad8 14.Bf3 Bg4 15.Bxg4 Nxg4
16.h3 Nge5 17.Nxe5 Nxe5 18.Ne4 Rd3 19.Qc2 Rd5 20.Bd2 Rfd8 21.Bc3 Nd3 22.Nxc5 Qxc5
23.Qe2 e5 24.Ra4 f5 25.Rh4 g6 26.e4 fxe4 27.Rxe4 Rf8 28.Qe3 Qxe3 29.fxe3 Rxf1+
30.Kxf1 Rc5 31.Ke2 Nxb2 32.Bxb2 Rc2+ 33.Kf3 Rxb2 34.Rxe5 Kf7 35.Rc5 h5 36.Rc7+ Ke6
37.a6 bxa6 38.Rc6+ Kf5 39.Rxa6 h4 40.Rxa7 g5  1/2-1/2

[Event "Autumn Int"]
[Site "Tel Aviv"]
[Date "1998.12.09"]
[Round "3"]
[White "Botvinnik, Mikhail2"]
[Black "Bykhovsky, Avigdor"]
[Result "0-1"]
[WhiteElo "2205"]
[BlackElo "2455"]

1.d4 d5 2.c4 c6 3.Nc3 Nf6 4.Nf3 dxc4 5.a4 Bf5 6.e3 e6 7.Bxc4 Bb4 8.O-O O-O
9.Qb3 Qe7 10.Ne5 a5 11.f3 Nfd7 12.Nxd7 Qxd7 13.Rd1 Na6 14.e4 Bg6 15.Bf4 Kh8
16.Na2 Be7 17.Rac1 Nb4 18.Nxb4 Bxb4 19.Qd3 Rfd8 20.Qb3 Rac8 21.Bg3 Qe7 22.Qe3 Rd7
23.Rd3 Rcd8 24.Rcd1 f6 25.Kf1 h6 26.Be1 Bf7 27.Bc3 Bxc3 28.bxc3 Qa3 29.Rb1 Qxa4
30.Bb3 Qb5 31.Ba2 Qa6 32.Kg1 b5 33.Rbd1 b4 34.R3d2 Qb6 35.cxb4 axb4 36.Kf2 Bg8
37.Ke2 Qb5+ 38.Ke1 Qb6 39.Ke2 e5 40.d5 Qa6+ 41.Ke1 cxd5 42.Bxd5 Bxd5 43.exd5 Qc4
44.Qd3 Qc5 45.Ke2 Rxd5 46.Qxd5 Rxd5 47.Rxd5 Qc4+ 48.Kf2 b3 49.R5d2 Qc3 50.Re2 Kh7
51.g3 f5 52.Rde1 e4 53.fxe4 fxe4 54.Rxe4 b2 55.h4 Qc2+ 56.Kf3 b1=Q 57.Rxb1 Qxb1
58.Rf4 g5 59.hxg5 hxg5 60.Re4 Qd3+ 61.Re3 Qf5+ 62.Kg2 Kg6  0-1

[Event "BL2-W9899"]
[Site "Germany"]
[Date "1998.12.13"]
[Round "3.7"]
[White "Bruch, Ingo"]
[Black "Meyer, Armin"]
[Result "1/2-1/2"]
[WhiteElo "2325"]
[BlackElo "2295"]

1.d4 d5 2.c4 c6 3.Nf3 Nf6 4.Nc3 dxc4 5.a4 Bf5 6.e3 e6 7.a5 Nbd7 8.Bxc4 Bb4
9.Qb3 Qe7 10.Ra4 Bd6 11.Qxb7 O-O 12.Qb3 c5 13.O-O Rfc8 14.Re1 Rab8 15.Qd1 Bg4
16.Be2 Rb4 17.h3 Bh5 18.Na2 Rbb8 19.dxc5 Bxc5 20.Rc4 Rd8 21.Qc2 Bg6 22.Qa4 Bb1
23.Nc3 Bg6 24.Rd1 Rdc8 25.e4 Bd6 26.Bg5 Rxc4 27.Qxc4 Ne5 28.Nxe5 Bxe5 29.f4 Bxc3
30.bxc3 Qb7 31.Bxf6 gxf6 32.Bf3 Rc8 33.Qd4 Qc7 34.Qxf6 Qxa5 35.h4 h5 36.f5 exf5
37.Rd5 Qa1+ 38.Rd1 Qa5 39.Rd5 Qa1+ 40.Kh2 f4 41.Bxh5 Qe1 42.Qxf4 Qxe4 43.Qxe4 Bxe4
44.Rd4 Bg6 45.Bf3 Rxc3 46.Ra4 Rc7 47.Kg3 Bc2 48.Rg4+ Kh7  1/2-1/2

[Event "BL2-W9899"]
[Site "Germany"]
[Date "1998.12.13"]
[Round "3.1"]
[White "Chuchelov, Vladimir"]
[Black "Hort, Vlastimil"]
[Result "1/2-1/2"]
[WhiteElo "2545"]
[BlackElo "2510"]

1.Nf3 d5 2.d4 c6 3.c4 Nf6 4.Nc3 dxc4 5.a4 Bf5 6.e3 e6 7.Bxc4 Bb4 8.O-O O-O
9.Nh4 Nbd7 10.f3 Bg6 11.Nxg6 hxg6 12.e4 e5 13.Be3 Qe7 14.Ne2 exd4 15.Nxd4 Ne5
16.Be2 c5 17.Nc2 Rad8 18.Qc1 Ba5 19.Na3 Bb4 20.Nc4 Nc6 21.Bg5 Rd7 22.Qe3 Qe6
23.Rfc1 Nd4 24.Bf1 b6 25.Rab1 Re8 26.Qf2 Nc6 27.Rd1 Red8 28.Rxd7 Rxd7 29.Be3 Rd8
30.h3  1/2-1/2

[Event "Gudmundur Arason op 4th"]
[Site "Hafnarfjordur"]
[Date "1998.12.19"]
[Round "6"]
[White "Karason, Askell O"]
[Black "Halldorsson, Jon Arni"]
[Result "1/2-1/2"]
[WhiteElo "2270"]
[BlackElo "2200"]

1.d4 d5 2.c4 c6 3.Nf3 Nf6 4.Nc3 dxc4 5.a4 Bf5 6.e3 e6 7.Bxc4 Bb4 8.O-O Nbd7
9.Nh4 Bg6 10.Qb3 a5 11.g3 Qb6 12.Nxg6 hxg6 13.Rd1 O-O 14.Bd2 Rfe8 15.Rac1 Rac8
16.Nb1 Bxd2 17.Nxd2 Qxb3 18.Nxb3 Ra8 19.Bf1 Kf8 20.Bg2  1/2-1/2

[Event "Islington Congress"]
[Site "Islington"]
[Date "1998.12.19"]
[Round "?"]
[White "Lalic, Bogdan"]
[Black "Gormally, Daniel"]
[Result "1-0"]
[WhiteElo "2560"]
[BlackElo "2400"]

1.d4 d5 2.c4 c6 3.Nc3 Nf6 4.Nf3 dxc4 5.a4 Bf5 6.Nh4 e6 7.Nxf5 exf5 8.Bg5 Bb4
9.e3 h6 10.Bxf6 Qxf6 11.Bxc4 O-O 12.O-O Nd7 13.Qc2 Rae8 14.a5 Bd6 15.g3 h5
16.Rad1 h4 17.e4 fxe4 18.Nxe4 Qh6 19.a6 b6 20.f4 Bc7 21.Ng5 b5 22.Ba2 Bb6
23.Rde1 Nf6 24.Qxc6 Bxd4+ 25.Kg2 h3+ 26.Nxh3 Qh5 27.Qf3 Qf5 28.Ng5 Qc2+ 29.Kh3 Qc8+
30.g4 Rxe1 31.Rxe1 Qxa6 32.Bxf7+ Rxf7 33.Nxf7 Kxf7 34.g5 Qc8+ 35.f5 Qh8+
36.Kg2 Qh4 37.g6+  1-0

[Event "BEL-chT9899"]
[Site "Antwerp"]
[Date "1998.12.20"]
[Round "5"]
[White "Mohandesi, Shahin"]
[Black "Cuijpers, Frans Andre"]
[Result "0-1"]
[WhiteElo "2305"]
[BlackElo "2425"]

1.d4 Nf6 2.Nf3 d5 3.c4 c6 4.Nc3 dxc4 5.a4 Bf5 6.e3 e6 7.Bxc4 Bb4 8.O-O Nbd7
9.Qb3 Qb6 10.Bd2 O-O 11.Rfd1 a5 12.h3 Rad8 13.Nh4 Bg6 14.Nxg6 hxg6 15.Be1 g5
16.Qc2 Qc7 17.Qe2 e5 18.Qf3 exd4 19.exd4 Qf4 20.Qxf4 gxf4 21.Ne2 Bxe1 22.Rxe1 Nb6
23.Bb3 Rfe8 24.Nxf4 Rxe1+ 25.Rxe1 Rxd4 26.g3 Rb4 27.Re3 Nxa4 28.Bxa4 Rxa4
29.Re7 Rb4 30.Nd3 Rb3 31.Nc5 Rxb2 32.Nxb7 a4 33.Nd8 a3 34.Kg2 a2 35.Ra7 Ne4  0-1

[Event "Groningen op"]
[Site "Groningen"]
[Date "1998.12.21"]
[Round "2"]
[White "Van den Doel, Erik"]
[Black "Biebinger, Gerhard"]
[Result "1-0"]
[WhiteElo "2480"]
[BlackElo "2335"]

1.Nf3 Nf6 2.c4 c6 3.Nc3 d5 4.d4 dxc4 5.a4 Bf5 6.Ne5 Na6 7.f3 Nd7 8.Nxc4 e5
9.dxe5 Qh4+ 10.g3 Qxc4 11.e4 Qb4 12.exf5 O-O-O 13.Bxa6 Nxe5 14.Qe2 Bc5 15.Bf4 Rhe8
16.Bxe5 f6 17.Bd3 Rxe5 18.Be4 g6 19.g4 gxf5 20.gxf5 a5 21.Rd1 Rg8 22.Qd2 Kb8
23.Qc2 Bb6 24.Rd3 Qc5 25.Qe2 Qb4 26.Kd1 Bd4 27.Qc2 h5 28.Kc1 Bg1 29.Kb1 h4
30.Ne2 Bc5 31.Rb3  1-0

[Event "Oxford GM-B"]
[Site "Oxford"]
[Date "1998.12.21"]
[Round "7"]
[White "Arkell, Keith C"]
[Black "Ansell, Simon"]
[Result "1/2-1/2"]
[WhiteElo "2475"]
[BlackElo "2380"]

1.d4 d5 2.c4 c6 3.Nf3 Nf6 4.Nc3 dxc4 5.a4 Bf5 6.Nh4 Bc8 7.e3 e5 8.Bxc4 exd4
9.exd4 Be7 10.O-O O-O 11.Re1 Na6 12.Bg5 Nc7 13.Qf3 Ne6 14.Nf5 Nxg5 15.Nxe7+ Kh8
16.Qe3 Be6 17.b3 Qxe7 18.Qxg5 Qb4 19.Na2 Qb6 20.Qd2 Rad8  1/2-1/2

[Event "Gudmundur Arason op 4th"]
[Site "Hafnarfjordur"]
[Date "1998.12.22"]
[Round "9"]
[White "Thorfinnsson, Bragi"]
[Black "Kristjansson, Stefan"]
[Result "0-1"]
[WhiteElo "2235"]
[BlackElo "2225"]

1.d4 d5 2.Nf3 Nf6 3.c4 c6 4.Nc3 dxc4 5.a4 Bf5 6.Ne5 Nbd7 7.Nxc4 Qc7 8.g3 e5
9.dxe5 Nxe5 10.Bf4 Nfd7 11.Ne3 Be6 12.Bg2 Be7 13.O-O g5 14.Bxe5 Qxe5 15.a5 a6
16.Qa4 h5 17.Rfd1 f5 18.Nc4 Qc5 19.Nd2 Ne5 20.Nb3 Qc4 21.Nd4 Bd7 22.Qc2 Qf7
23.Na4 Rd8 24.Qc3 O-O 25.Nc5 Bc8 26.Nde6 Bxe6 27.Qxe5 Bc8 28.Qc3 Bf6 29.Qb4 Qe7
30.e3 Kg7 31.Rac1 Be5 32.Qc4 Bxb2 33.Rb1 Bf6 34.Re1 Qf7 35.Qc2 Be5 36.Nd3 Rfe8
37.e4 fxe4 38.Bxe4 Bf6 39.Nc5 Rd4 40.Bf5 Rc4 41.Qb3 Rxe1+ 42.Rxe1 Bxf5 43.Nxb7 Rc2
44.Qb6 Rb2  0-1

[Event "Cairnhill op"]
[Site "Singapore"]
[Date "1998.12.23"]
[Round "6"]
[White "Molnar, Au"]
[Black "Tan Chun Malcolm"]
[Result "1/2-1/2"]
[WhiteElo "2190"]
[BlackElo "2205"]

1.d4 d5 2.c4 c6 3.Nc3 Nf6 4.Nf3 dxc4 5.a4 Bf5 6.Ne5 e6 7.f3 Bb4 8.e4 Bxe4
9.fxe4 Nxe4 10.Bd2 Qxd4 11.Nxe4 Qxe4+ 12.Qe2 Bxd2+ 13.Kxd2 Qd4+ 14.Kc2 O-O
15.Nf3 Qf6 16.Qxc4 Nd7 17.Bd3 Nb6 18.Qe4 g6 19.h4 Qf5 20.Qxf5 gxf5 21.h5 h6
22.Rhg1 Nd5 23.g4 fxg4 24.Rxg4+ Kh8 25.Re1 Rg8 26.Rxg8+ Rxg8 27.Ne5 Rg2+
28.Re2 Rg7 29.Rf2 Kg8 30.Be4 f5 31.Bxd5 cxd5 32.Kd3 Rg5 33.Kd4 Rxh5 34.Kc5 Kg7
35.Kd6 Kf6 36.Nd7+ Kg5 37.Kxe6 f4 38.Ne5 Rh3 39.Kxd5 h5 40.Kd4 Kf5 41.Nd3 Rh4
42.Rf3 Rg4 43.Nf2 Rg3 44.Rc3 Rxc3 45.bxc3 b6 46.c4 h4 47.Kd5 f3 48.Kd4 Kf4
49.Kd3 Kg3 50.Ke3 Kg2 51.Nd3 Kg3 52.Nf4 f2 53.Ne2+ Kg2  1/2-1/2

[Event "Trinec op"]
[Site "Trinec"]
[Date "1998.12.26"]
[Round "1"]
[White "Orsag, Milan"]
[Black "Kolesar, Milan"]
[Result "1-0"]
[WhiteElo "2405"]
[BlackElo "2215"]

1.d4 d5 2.Nf3 Nf6 3.c4 c6 4.Nc3 dxc4 5.a4 Bf5 6.e3 e6 7.a5 Bb4 8.Qa4 Qe7
9.Bxc4 O-O 10.O-O h6 11.Qb3 c5 12.dxc5 Qxc5 13.Ra4 Bxa5 14.e4 Bh7 15.Be3 Qc7
16.Nb5 Qd8 17.Rd1 Nfd7 18.Ne5 a6 19.Nc3 Bxc3 20.bxc3 Qc7 21.Nxf7 Rxf7 22.Bxe6 Bg6
23.Rc4 Nc6 24.Rxd7 Qxd7 25.Bxd7 Na5 26.Qb6 Nxc4 27.Qxg6 Kf8 28.Be6 Ne5 29.Bc5+  1-0

[Event "Groningen Festival Women"]
[Site "Groningen"]
[Date "1998.12.28"]
[Round "8"]
[White "Peng, Zhaoqin"]
[Black "Zhukova, Natalia"]
[Result "1/2-1/2"]
[WhiteElo "2425"]
[BlackElo "2460"]

1.d4 d5 2.c4 c6 3.Nf3 Nf6 4.Nc3 dxc4 5.a4 Bf5 6.Nh4 e6 7.Nxf5 exf5 8.e3 Bb4
9.Bxc4 O-O 10.O-O Nbd7 11.h3 g6 12.Qb3 Qb6 13.Rd1 Bd6 14.Bd2 Kg7 15.a5 Qc7
16.Rac1 Rae8 17.Be2 h5 18.d5 Nc5 19.Qc4 Qe7 20.dxc6 bxc6 21.b4 Nce4 22.Nxe4 Nxe4
23.Qxc6 Bxb4 24.Bxb4 Qxb4 25.a6 Rd8 26.Bf3 Nd2 27.Qb7 Nxf3+ 28.Qxf3 Qb6 29.Qe2 Rxd1+
30.Rxd1 Re8 31.Qc4 Re6 32.Rd7 Qxa6 33.Qd4+ Rf6 34.Rxa7 Qb6 35.Qa1 Kg8 36.Ra8+ Kg7
37.h4 Qc6 38.Rd8 Qa6 39.Qe5 Qc6 40.Qe7 Re6 41.Qf8+ Kf6 42.Rc8 Qb6 43.Qh8+ Ke7
44.Re8+ Kd7 45.Rb8 Qc7 46.Qb2 Rc6 47.f4 Qd6 48.Kh2 Qf6 49.Qb7+ Kd6 50.Qb4+ Kc7
51.Qb7+ Kd6 52.Qb4+ Kc7 53.Kh3 Rb6 54.Rxb6 Qxb6 55.Qe7+ Kc6 56.Qxf7 Qxe3+
57.g3 Qe2 58.Qxg6+ Kc7 59.Qf7+ Kc6 60.Qf6+ Kb7 61.Qg7+ Kc6 62.Qc3+ Kd5 63.Qa5+ Ke6
64.Qb6+ Kf7 65.Qc7+  1/2-1/2

[Event "Groningen op"]
[Site "Groningen"]
[Date "1998.12.30"]
[Round "10"]
[White "Sherbakov, Ruslan"]
[Black "Ernst, Sipke"]
[Result "1/2-1/2"]
[WhiteElo "2555"]
[BlackElo "2420"]

1.d4 d5 2.c4 c6 3.Nf3 Nf6 4.Nc3 dxc4 5.a4 Bf5 6.Nh4 e6 7.Nxf5 exf5 8.e3 Bb4
9.Bxc4 O-O 10.O-O Nbd7 11.h3 g6 12.g4 fxg4 13.hxg4 h5 14.g5 Nh7 15.f4 Kg7
16.Ne4 Qe7 17.Qf3 f6 18.gxf6+ Ndxf6 19.Nf2 Rae8 20.b3 g5 21.Nd3 g4 22.Qh1 Ne4
23.Qxh5 Nhf6 24.Qf5 Rh8 25.Ne5 Rh6 26.Bd3 Reh8 27.Bxe4 Nxe4 28.Qxe4 Rh1+
29.Qxh1 Rxh1+ 30.Kxh1 Qh4+ 31.Kg1 Qg3+ 32.Kh1 Qh3+ 33.Kg1 Qg3+  1/2-1/2

[Event "Lost Boys op"]
[Site "Antwerp"]
[Date "1998.??.??"]
[Round "1"]
[White "Van Wely, Loek"]
[Black "De Jager, Jaap"]
[Result "1-0"]
[WhiteElo "2605"]
[BlackElo "2290"]

1.d4 d5 2.c4 c6 3.Nc3 Nf6 4.Nf3 dxc4 5.a4 Bf5 6.Ne5 e6 7.f3 Bb4 8.e4 Bxe4
9.fxe4 Nxe4 10.Bd2 Qxd4 11.Nxe4 Qxe4+ 12.Qe2 Bxd2+ 13.Kxd2 Qd5+ 14.Kc2 Na6
15.Nxc4 O-O-O 16.Qe3 Nc5 17.Be2 Qxg2 18.Rhg1 Qxh2 19.Rxg7 Rd3 20.Rh1 Qxh1
21.Bxd3 Nxd3 22.Qxd3 Qh2+ 23.Kb3 Rd8 24.Qf3 Qh4 25.Rxf7 Qd4 26.Rxh7 Qc5 27.Qf4  1-0

[Event "Lost Boys op"]
[Site "Antwerp"]
[Date "1998.??.??"]
[Round "3"]
[White "Sorkin, Igor"]
[Black "Tischbierek, Raj"]
[Result "1/2-1/2"]
[WhiteElo "2290"]
[BlackElo "2525"]

1.d4 d5 2.c4 c6 3.Nf3 Nf6 4.Nc3 dxc4 5.a4 Bf5 6.e3 e6 7.a5 Bd3 8.Bxd3 cxd3
9.O-O Be7 10.Ne5 O-O 11.Nxd3 Na6 12.Qf3 Nd5 13.Bd2 Ndb4 14.Nxb4 Bxb4 15.Ne4 Bxd2
16.Nxd2 Qe7 17.Nc4 Rad8 18.Rfd1 Qb4 19.Ne5 Rd5 20.Nd3 Qb3 21.Ra3 Qb5 22.b4 e5
23.Nxe5 Qxb4 24.Rda1 Rb5 25.h3 h6 26.Qe2 Re8 27.Qa2 Re7 28.Nd3 Qd6 29.Rb3 Qd5
30.Rxb5 Qxb5 31.Qa3 Rd7 32.Ra2 Rc7 33.Rc2 Qd5 34.Nc5 Nxc5 35.Rxc5 Qd6 36.Qb3 g6  1/2-1/2

[Event "BEL-chT 9798"]
[Site "Antwerp"]
[Date "1998.??.??"]
[Round "11"]
[White "Krijgelmans, Johan"]
[Black "Cuijpers, Frans Andre"]
[Result "1/2-1/2"]
[WhiteElo "2270"]
[BlackElo "2420"]

1.d4 d5 2.c4 c6 3.Nf3 Nf6 4.Nc3 dxc4 5.a4 Bf5 6.e3 e6 7.Bxc4 Bb4 8.Qb3 Qb6
9.Nh4 Bg6 10.O-O Nbd7 11.f4 O-O 12.Nxg6 hxg6 13.Kh1 Rac8 14.Rf3 c5 15.d5 Bxc3
16.dxe6 Qxb3 17.Bxb3 c4 18.Bc2 Bb4 19.exd7 Nxd7 20.e4 Rfd8 21.Be3 Bc5 22.Kg1 g5
23.Bxc5 Rxc5 24.g3 Nf6 25.e5 Rd2 26.Rf2 Rxf2 27.Kxf2 Ng4+ 28.Ke2  1/2-1/2

[Event "Bayern-ch Bank Hofmann 2nd"]
[Site "Bad Wiesse"]
[Date "1998.??.??"]
[Round "7"]
[White "Kantorik, Marian"]
[Black "Schneider, Henning"]
[Result "1-0"]
[WhiteElo "2305"]
[BlackElo "2185"]

1.d4 d5 2.Nf3 c6 3.c4 Nf6 4.Nc3 dxc4 5.a4 Bf5 6.Ne5 Nbd7 7.Nxc4 Qc7 8.g3 e5
9.dxe5 Nxe5 10.Bf4 Rd8 11.Qc1 Bd6 12.Nxd6+ Qxd6 13.Bg2 O-O 14.O-O Qe6 15.Qe3 Ng6
16.Bg5 Qxe3 17.Bxe3 a6 18.Bg5 Rd7 19.f4 Bc2 20.Rac1 Bb3 21.Bxf6 gxf6 22.Ne4 Rd4
23.a5 Kg7 24.Nc5 Rb4 25.Rc3 Bc4 26.Bf3 Rd8 27.Nxb7 Rd2 28.Re1 Rdxb2 29.Nd6 Bb5
30.Ne8+ Kh6 31.Rc5 Ne7 32.Nxf6 Ra2 33.Rg5 Rxa5 34.Ng4+  1-0

[Event "Bayern-ch Bank Hofmann 2nd"]
[Site "Bad Wiesse"]
[Date "1998.??.??"]
[Round "8"]
[White "Tauber, Manfred"]
[Black "Ansell, Simon"]
[Result "0-1"]
[WhiteElo "2275"]
[BlackElo "2380"]

1.d4 d5 2.Nf3 Nf6 3.c4 c6 4.Nc3 dxc4 5.a4 Bf5 6.e3 e6 7.Bxc4 Bb4 8.O-O O-O
9.Qe2 Bg6 10.Ne5 Nbd7 11.Nxg6 hxg6 12.Rd1 Qa5 13.Bd2 e5 14.d5 Rad8 15.dxc6 bxc6
16.Be1 e4 17.Bb3 Rb8 18.Bc2 Qe5 19.Rab1 Bd6 20.g3 Qe6 21.Nxe4 Nxe4 22.Bxe4 Qxe4
23.Qd3 Nc5 24.Qxd6 Ne6 25.Qd3 Qxa4 26.Qe2 Qe4 27.f3 Qf5 28.Bc3 Rb3 29.Ra1 Rb7
30.Ra5 c5 31.Raa1 g5 32.e4 Qg6 33.Rd5 Re8 34.Rad1 Rbe7 35.Qf2 g4 36.h4 gxf3
37.Qxf3 f6 38.Rd7 Qf7 39.e5 Rxd7  0-1